Corso teorico pratico di lingua francese : ad uso delle scuole medie inferiori. Parte 2. : con vocabolario di tutte le parole contenute nel volume. Quarta edizione interamente rifatta

Gespeichert in:
Bibliographische Detailangaben
1. Verfasser: De Anna, Luigi
Format: Buch
Sprache:Italienisch
Erschienen: Castello Albrighi Segati e C. 1931
Katalog:EDISCO:  Suchergebnis im Bibliothekskatalog
Schulbuchspezifische Eigenschaften:
Tags: Tag hinzufügen
Keine Tags, Fügen Sie den ersten Tag hinzu!
Hinzugefügt zu:30.04.2016
Geändert in:04.10.2017

MARC

LEADER 00000aam a22000005 4500
001 18624
003 OSt
005 20171004090205.0
008 160501s1931 it 000 0 ita
040 |c Paola Zonca - Torino - SBN 
041 1 |a ita 
100 1 |a De Anna, Luigi 
245 0 0 |a Corso teorico pratico di lingua francese : ad uso delle scuole medie inferiori. Parte 2. : con vocabolario di tutte le parole contenute nel volume. Quarta edizione interamente rifatta 
260 |a Castello  |b Albrighi Segati e C.  |c 1931 
300 |a p. 264, 2/3 ;   |c in 8° 
510 3 |a L. 8.50. 
901 |a 5 
942 |2 ddc  |c BK 
546 |a ita 
999 |c 18613  |d 18613 
999 |c edisco:18613  |d 18613